[Event "XXIV Andorra Open"]
[Site "Andorra la Vella AND"]
[Date "2006.07.12"]
[Round "5"]
[White "Fernandez Garcia,JoseL"]
[Black "Sareen,V"]
[Result "1-0"]
[WhiteElo "2474"]
[BlackElo "2396"]

1.e4 c5 2.Nf3 d6 3.Bb5+ Bd7 4.Bxd7+ Qxd7 5.O-O Nf6 6.Re1 Nc6 7.c3 e6 8.d4 cxd4
9.cxd4 d5 10.e5 Ne4 11.Nbd2 Nxd2 12.Bxd2 Be7 13.Rc1 O-O 14.Rc3 f5 15.exf6 Bxf6
16.Rd3 b5 17.Bf4 Rac8 18.Bg3 Nb4 19.Rc3 Rxc3 20.bxc3 Nc6 21.Qe2 Nd8 22.Rb1 a6
23.a4 bxa4 24.Qxa6 Qc6 25.Qa5 Qc4 26.Ra1 Nc6 27.Qxa4 Qxc3 28.Rd1 Qc4 29.Qa1 Rf7
30.h4 Ra7 31.Qb2 Qb4 32.Qe2 Qe7 33.h5 h6 34.Rc1 Qd7 35.Be5 Bxe5 36.Nxe5 Nxe5
37.Qxe5 Kh7 38.Qg3 Qf7 39.Qd3+ Qf5 40.Qxf5+ exf5 41.Rc8 Rd7 42.Rc6 Kg8 43.Kh2 Kf7
44.f3 Ra7 45.Rd6 Ra5 46.Kg3 Ke7 47.Rg6 Ra4 48.Rxg7+ Kf8 49.Rg6 Rxd4 50.Rxh6 Kg7
51.Rd6 Rd2 52.Kh3 d4 53.Rd7+ Kh6 54.g4  1-0

[Event "6th TCh-Euro u18"]
[Site "Balatonlelle HUN"]
[Date "2006.07.12"]
[Round "1"]
[White "Nestorovic,N"]
[Black "Stokes,I"]
[Result "1-0"]
[WhiteElo "2152"]
[BlackElo "2017"]

1.e4 c5 2.Nf3 d6 3.Bb5+ Nd7 4.c3 Nf6 5.Qe2 e6 6.O-O Be7 7.d4 cxd4 8.cxd4 O-O
9.Nc3 a6 10.Bd3 e5 11.Bg5 exd4 12.Nxd4 Ne5 13.Rad1 Nxd3 14.Rxd3 Nd5 15.Bxe7 Nxc3
16.Bxd8 Nxe2+ 17.Nxe2 Rxd8 18.Rfd1 Be6 19.Nc3 Kf8 20.Rxd6 Rxd6 21.Rxd6 b5
22.a3 Ke7 23.Rd4 Rc8 24.Kf1 Rc5 25.f4 f6 26.Ke2 Rh5 27.h3 Rc5 28.Kd2 Bb3
29.Ke3 Be6 30.Rd1 Bb3 31.Rc1 Ke6 32.Ne2 Rxc1 33.Nxc1 Bc4 34.Nd3 a5 35.b3 Bxd3
36.Kxd3 h5 37.g4 hxg4 38.hxg4 g6 39.Kd4 Kd6 40.e5+ fxe5+ 41.fxe5+  1-0

[Event "ch-SVK"]
[Site "Banska Stiavnica SVK"]
[Date "2006.07.12"]
[Round "5"]
[White "Petrik,T"]
[Black "Meszaros,Mi"]
[Result "1-0"]
[WhiteElo "2523"]
[BlackElo "2420"]

1.e4 c5 2.Nf3 d6 3.Bb5+ Nd7 4.d4 cxd4 5.Qxd4 a6 6.Bxd7+ Bxd7 7.Nc3 Nf6 8.Qd3 e5
9.Bg5 Bc6 10.O-O h6 11.Bxf6 Qxf6 12.Rfd1 Qe6 13.b4 Be7 14.a4 O-O 15.b5 Bd7
16.Nd5 Bd8 17.c4 g6 18.Ne3 Be7 19.c5 axb5 20.cxd6 Bd8 21.axb5 Rxa1 22.Rxa1 Bb6
23.Nd5 Qxd6 24.Qd2 Bd8 25.Nf6+ Qxf6 26.Qxd7 b6 27.h3 Qf4 28.Qc6 h5 29.Rd1 Kg7
30.Rd7 Bf6 31.Qc4 g5 32.Nd2 h4 33.Nf1 g4 34.hxg4 Qxg4 35.Ne3 Qg6 36.Nf5+ Kh7
37.Qb3 Kg8 38.Rd6 Qg5 39.Qf3 Rb8 40.Kh2 Bg7 41.Kh3 Bf8 42.Rd7 Ra8 43.Nd6 Qg6
44.Qxf7+ Qxf7 45.Nxf7 Ra2 46.f3 Bg7 47.Rb7 Rd2 48.Ng5 Bf6 49.Rxb6  1-0

[Event "ch-Paris"]
[Site "Paris FRA"]
[Date "2006.07.12"]
[Round "5"]
[White "Touboulic,J"]
[Black "Shchekachev,A"]
[Result "0-1"]
[WhiteElo "2244"]
[BlackElo "2593"]

1.e4 c5 2.Nf3 d6 3.Bb5+ Nd7 4.d4 Nf6 5.Nc3 cxd4 6.Qxd4 e5 7.Qd3 h6 8.O-O Be7
9.Be3 O-O 10.a4 Qc7 11.Nh4 Nc5 12.Bxc5 Qxc5 13.Bc4 Be6 14.Bxe6 fxe6 15.Qh3 Kf7
16.Qg3 g5 17.Nf3 Rg8 18.Nd2 Rac8 19.a5 d5 20.Nb3 Qd6 21.a6 bxa6 22.Qd3 Rc6
23.Ra4 d4 24.Nb1 Rgc8 25.Na3 Qb8 26.Na5 Rc5 27.N5c4 Qb7 28.Re1 Kg7 29.b3 Rb5
30.Nb1 Nd7 31.Qg3 Nc5 32.Ra2 Nxe4 33.Qg4 Nf6 34.Qxe6 Rc6 35.Qf5 Rxc4 36.bxc4 Rxb1
37.Qxe5 Bd6 38.Qe6 Qb4 39.Ra1 Rxe1+ 40.Rxe1 a5 41.c5 Bxc5 42.Ra1 a4 43.Qa2 Bb6
44.Qxa4 Qxa4 45.Rxa4 a5 46.Kf1 Ne4 47.Ke1 Kf6  0-1

[Event "GM Scheveningen"]
[Site "Taiyuan CHN"]
[Date "2006.07.12"]
[Round "3"]
[White "Zhang Zhong"]
[Black "Timofeev,Arty"]
[Result "0-1"]
[WhiteElo "2639"]
[BlackElo "2657"]

1.e4 c5 2.Nf3 d6 3.Bb5+ Bd7 4.Bxd7+ Nxd7 5.O-O Ngf6 6.Qe2 Rc8 7.b3 g6 8.Bb2 Bg7
9.d3 O-O 10.Nbd2 Re8 11.Rad1 Nxe4 12.Nxe4 Bxb2 13.c3 Ba3 14.Ned2 b5 15.Nb1 Qa5
16.Qd2 d5 17.h4 d4 18.Nxa3 Qxa3 19.cxd4 cxd4 20.Nxd4 a6 21.Nf3 Nf6 22.Rfe1 Rc7
23.Re5 Rec8 24.Rde1 Qd6 25.Qg5 Kg7 26.d4 e6 27.R5e2 Rc2 28.g3 R8c3 29.Kg2 Qc6
30.Qf4 h5 31.Rxc2 Rxc2 32.Kg1 Qc3 33.Re3 Qa1+ 34.Re1 Qxa2 35.d5 Nxd5 36.Qd4+ Nf6
37.Ng5 Rd2 38.Qf4 Rd7 39.Qe5 Qd2 40.Ra1 Qd6 41.Qb2 e5 42.Qa2 Qb4 43.Qb2 Qd4
44.Qa2 Ng4 45.Rf1 Rd6 46.b4 Rf6 47.Qe2 Qxb4 48.f3 Qd4+ 49.Kh1 Ne3 50.Re1 Nc4
51.Rd1 Qe3  0-1

[Event "Inautomarket Open"]
[Site "Minsk BLR"]
[Date "2006.07.13"]
[Round "4"]
[White "Andreikin,D"]
[Black "Doukhine,I"]
[Result "1-0"]
[WhiteElo "2503"]
[BlackElo "2332"]

1.e4 c5 2.Nf3 d6 3.Bb5+ Nc6 4.O-O Bd7 5.c3 Nf6 6.Re1 a6 7.Bf1 Bg4 8.d3 e6
9.Nbd2 d5 10.h3 Bh5 11.g4 Bg6 12.Nh4 dxe4 13.dxe4 Qc7 14.Qe2 Be7 15.Nxg6 hxg6
16.e5 Nd5 17.Nf3 Rd8 18.Bd2 Na5 19.c4 Nb4 20.Bc3 b6 21.b3 Nd3 22.Red1 Nf4
23.Qe4 Nxh3+ 24.Bxh3 Rxh3 25.Rxd8+ Bxd8 26.Bxa5 bxa5 27.Rd1 Qc8 28.Rd6 Rh8
29.Kg2 Be7 30.Rb6 Rh6 31.Rb7 Bd8 32.Ra7 Rh8 33.Ng5 Rf8 34.a4  1-0

[Event "21st North Sea Cup"]
[Site "Esbjerg DEN"]
[Date "2006.07.14"]
[Round "8"]
[White "Pedersen,TP"]
[Black "Kallenbach,U"]
[Result "1-0"]
[WhiteElo "1923"]
[BlackElo "1619"]

1.e4 c5 2.Nf3 d6 3.Bb5+ Nc6 4.Bxc6+ bxc6 5.O-O e6 6.d3 d5 7.Nbd2 Qc7 8.b3 Bd6
9.Bb2 d4 10.Nc4 e5 11.Nfd2 Be6 12.Qe2 Nf6 13.a4 O-O 14.Rae1 Be7 15.h3 Nd7
16.Bc1 Nb6 17.Nb2 Bd6 18.g4 Be7 19.Kh2 Qd7 20.Rg1 f6 21.Nf1 Kh8 22.Ng3 h6
23.Kg2 Rf7 24.f4 exf4 25.Bxf4 h5 26.Rh1 h4 27.Nf1 g5 28.Bh2 Re8 29.Nd2 Bd6
30.Qf2 Be5 31.Rhf1 Qc7 32.Kg1 Ref8 33.Re2 Qe7 34.Qf3 Nd7 35.Nbc4 Bxh2+ 36.Rxh2 Ne5
37.Nxe5 fxe5 38.Qe2 Rf4 39.Rhf2 Kg7 40.Qe1 Bd7 41.Rxf4 gxf4 42.Nf3 Rh8 43.Kh2 Kf7
44.Rg1 Ke6 45.Qa5 Bc8 46.Rg2 Kd6 47.Qd2 Be6 48.Qa5 Bf7 49.b4 c4 50.Qc5+ Kd7
51.Qxa7+ Ke6 52.Qxe7+  1-0

[Event "25th Open"]
[Site "St Veit AUT"]
[Date "2006.07.14"]
[Round "7"]
[White "Staberhofer,R"]
[Black "Saxer,Be"]
[Result "1-0"]
[WhiteElo "2205"]
[BlackElo "2057"]

1.e4 c5 2.Nf3 d6 3.Bb5+ Bd7 4.Bxd7+ Nxd7 5.O-O g6 6.c3 Ngf6 7.Re1 Bg7 8.d4 cxd4
9.cxd4 Qb6 10.Nc3 O-O 11.e5 dxe5 12.dxe5 Ng4 13.Qxd7 Qxf2+ 14.Kh1 Nxe5 15.Qd2 Qc5
16.Nxe5 Bxe5 17.Qd5 Qxd5 18.Nxd5 Rfd8 19.Rxe5 f6 20.Nxe7+ Kf7 21.Re1 Re8
22.Bd2 Rxe7 23.Rxe7+ Kxe7 24.Bb4+  1-0

[Event "XXIV Andorra Open"]
[Site "Andorra la Vella AND"]
[Date "2006.07.15"]
[Round "8"]
[White "Galego,L"]
[Black "Spraggett,K"]
[Result "1/2-1/2"]
[WhiteElo "2528"]
[BlackElo "2577"]

1.e4 c5 2.Nf3 d6 3.Bb5+ Nd7 4.c3 Nf6 5.Qe2 a6 6.Ba4 b5 7.Bc2 e5 8.O-O Be7
9.a4 Rb8 10.axb5 axb5 11.d4 O-O 12.Rd1 Qc7 13.h3 Re8 14.dxe5 dxe5 15.Nbd2 c4
16.Nf1 Nc5 17.Ng3 g6 18.Bh6 Bb7 19.Nh2 Ra8 20.Ng4 Rxa1 21.Rxa1 Ra8 22.Rxa8+ Bxa8
23.Nxf6+ Bxf6 24.Qf3 Qd8 25.Be3 Nd3 26.Bxd3 cxd3 27.Bd2 Qd6 28.Qe3 Bd8 29.Qh6 f6
30.h4 Bc6 31.h5 Be8 32.hxg6 hxg6 33.Nf1 Be7 34.Ne3 Bf8 35.Qh3 Bc6 36.Qg4 Kf7
37.Qh4 Bg7 38.f3 Bd7  1/2-1/2

[Event "ch-SVK"]
[Site "Banska Stiavnica SVK"]
[Date "2006.07.15"]
[Round "8"]
[White "Petrik,T"]
[Black "Pinter,E"]
[Result "1-0"]
[WhiteElo "2523"]
[BlackElo "2396"]

1.e4 c5 2.Nf3 d6 3.Bb5+ Nd7 4.d4 cxd4 5.Qxd4 a6 6.Bxd7+ Bxd7 7.Nc3 e5 8.Qd3 h6
9.O-O Nf6 10.Nd2 Rc8 11.Nc4 Be6 12.Ne3 Be7 13.Rd1 O-O 14.Bd2 Qc7 15.Be1 b5
16.a3 Qa7 17.Rac1 Rfd8 18.Kh1 Ng4 19.Nxg4 Bxg4 20.f3 Be6 21.Nd5 Bg5 22.Bd2 Qb7
23.Bxg5 hxg5 24.Ne3 b4 25.Rd2 a5 26.Ra1 bxa3 27.Qxa3 g4 28.Rad1 gxf3 29.gxf3 Rc6
30.Rd3 Qb4 31.Qxb4 axb4 32.Ra1 g6 33.Ra4 Rb6 34.Ra5 Kg7 35.Rxe5 dxe5 36.Rxd8 f5
37.Kg1 Kf6 38.Kf2 Kg5 39.Ke2 Rb7 40.Re8 Kf6 41.Nd5+ Bxd5 42.exd5 f4 43.c4 bxc3
44.bxc3 Rh7 45.c4 Rxh2+ 46.Kd3 Rh1 47.Kc2 Rh2+ 48.Kc3 Rh1 49.d6 Rd1 50.c5 Rd4
51.Kb3 g5 52.Rd8 Ke6 53.c6 Rxd6 54.c7 Rb6+ 55.Ka4 Rc6 56.c8=Q+ Rxc8 57.Rxc8 Kd5
58.Kb3 Kd4 59.Kc2 Ke3 60.Rg8 Kxf3 61.Rxg5 e4 62.Rf5 Ke2 63.Rxf4 e3 64.Re4  1-0

[Event "10th Petr Izmailov Mem"]
[Site "Tomsk RUS"]
[Date "2006.07.15"]
[Round "6"]
[White "Rublevsky,S"]
[Black "Morozevich,A"]
[Result "0-1"]
[WhiteElo "2667"]
[BlackElo "2731"]

1.e4 c5 2.Nf3 d6 3.Bb5+ Bd7 4.Bxd7+ Qxd7 5.O-O Nf6 6.Qe2 Nc6 7.c3 e6 8.d4 cxd4
9.cxd4 d5 10.e5 Ne4 11.Be3 f5 12.Nfd2 Nxd2 13.Qxd2 Bb4 14.Qd3 O-O 15.Bd2 Rac8
16.Bc3 Rc7 17.a3 Be7 18.Nd2 Rfc8 19.Nf3 a6 20.Bd2 Na7 21.Rfc1 Rc4 22.b3 Rxc1+
23.Bxc1 Qc6 24.Bd2 Qc2 25.Qxc2 Rxc2 26.Rc1 Rb2 27.Rc7 Rb1+ 28.Be1 Bxa3 29.Rxb7 Nb5
30.g3 Nxd4 31.Nxd4 Rxe1+ 32.Kg2 Rxe5 33.b4 Re4 34.Nc6 h6 35.Rb6 Kf7 36.f3 Re2+
37.Kf1 Rb2 38.Nd8+ Ke7 39.Nxe6 a5 40.b5 g5 41.Nd4 Bc5 42.Nc6+ Kd6 43.Ra6 Kc7
44.Rxa5 Rf2+ 45.Ke1 Rxh2 46.Ra6 Rb2 47.Ne5 Bf2+ 48.Kd1 Bxg3 49.Rc6+ Kb7 50.Nf7 h5
51.Rh6 h4 52.Nxg5 Rxb5 53.Ne6 d4 54.Kd2 Rd5 55.Kd3 Rd6 56.Rh7+ Kb6 57.Ng7 Rd5
58.Rh6+ Kb5 59.Ne6 Kb4 60.Rh5 Rd6 61.Ng7 f4 62.Rh8 Rd5 63.Ne6 Ka3 64.Kc4 d3
65.Ra8+ Kb2 66.Rb8+ Kc1 67.Kxd5 d2 68.Rc8+ Kb2 69.Rb8+ Kc3 70.Rc8+ Kd3 71.Ke5 h3
72.Rd8+ Ke3 73.Nd4 h2 74.Nc2+ Kxf3 75.Rxd2 h1=Q  0-1

[Event "3rd ACT"]
[Site "Amsterdam NED"]
[Date "2006.07.16"]
[Round "2"]
[White "Tan,Mat"]
[Black "Vazquez,R"]
[Result "1-0"]
[WhiteElo "2288"]
[BlackElo "2517"]

1.e4 c5 2.Nf3 d6 3.Bb5+ Nc6 4.O-O Bd7 5.Re1 a6 6.Bf1 Bg4 7.d3 g6 8.c3 Bg7
9.Nbd2 Nf6 10.h3 Bd7 11.d4 cxd4 12.cxd4 O-O 13.b3 Rc8 14.a3 Na7 15.a4 Nc6
16.Ba3 Nh5 17.Nc4 Na5 18.Ne3 Nf6 19.b4 Nc6 20.b5 axb5 21.axb5 Nb8 22.e5 Ne8
23.Rb1 b6 24.Bc4 dxe5 25.dxe5 Nc7 26.Qb3 Be6 27.Rbd1 Qe8 28.Nd4 Bxc4 29.Nxc4 Nd7
30.Nc6  1-0

[Event "3rd ACT"]
[Site "Amsterdam NED"]
[Date "2006.07.16"]
[Round "2"]
[White "Schlawin,M"]
[Black "Al Modiahki,M"]
[Result "0-1"]
[WhiteElo "2349"]
[BlackElo "2564"]

1.e4 c5 2.Nf3 d6 3.Bb5+ Nc6 4.O-O Bd7 5.Re1 Nf6 6.c3 a6 7.Bf1 Bg4 8.d3 e6
9.Nbd2 Be7 10.h3 Bh5 11.g4 Bg6 12.Nh4 Nd7 13.Ng2 e5 14.Be2 Nf8 15.Nf1 Ne6
16.Ng3 h6 17.Nf5 Bg5 18.Be3 Qc7 19.h4 Bf6 20.Bf3 h5 21.g5 Be7 22.Ng3 f6 23.Bxh5 Bxh5
24.Nxh5 O-O-O 25.Qg4 Qd7 26.g6 Ng5 27.Qxd7+ Kxd7 28.Ng3 Nf3+ 29.Kf1 Nxe1
30.Kxe1 b5 31.Nf5 Bf8 32.Ke2 Ne7 33.Nxe7 Bxe7 34.Kf3 f5 35.exf5 Bxh4 36.Nxh4 Rxh4
37.Bg5 Rh3+ 38.Kg4 Rdh8 39.f6 Rh2 40.f7 Rg2+ 41.Kf5 Rxf2+ 42.Kg4 Ke6 43.Rg1 Rxb2
44.Kg3 b4 45.Rf1 bxc3 46.f8=Q Rxf8 47.Rxf8 c2 48.Rf2 Rxa2 49.Bh6 Ra1  0-1

[Event "16th Heart of Finland Open"]
[Site "Jyvaskyla FIN"]
[Date "2006.07.16"]
[Round "9"]
[White "Kiik,K"]
[Black "Nieminen,K"]
[Result "1-0"]
[WhiteElo "2452"]
[BlackElo "2190"]

1.e4 c5 2.Nf3 d6 3.Bb5+ Bd7 4.Bxd7+ Qxd7 5.O-O Nc6 6.c4 Nf6 7.Nc3 g6 8.d4 cxd4
9.Nxd4 Bg7 10.Nde2 O-O 11.f3 Qd8 12.Kh1 Rc8 13.Be3 Qa5 14.Rc1 Rfe8 15.b3 Ne5
16.a4 a6 17.Qd2 Qb4 18.Rb1 e6 19.Bg5 Nfd7 20.f4 Nc6 21.e5 dxe5 22.Qxd7 f6
23.Bxf6 Bxf6 24.Ne4 Qe7 25.Nxf6+ Qxf6 26.Qxb7 e4 27.Rbe1 Qb2 28.Ng3 Na5 29.Qxa6 Nxb3
30.Nxe4 Qd4 31.Qd6 Qb2 32.Rb1  1-0

[Event "Oklahoma State Championship"]
[Site "Oklahoma City USA"]
[Date "2006.07.16"]
[Round "5"]
[White "Movsisyan,M"]
[Black "Langer,M USA"]
[Result "0-1"]
[WhiteElo "2287"]
[BlackElo "2286"]

1.e4 c5 2.Nf3 d6 3.Bb5+ Bd7 4.Bxd7+ Qxd7 5.O-O Nc6 6.c3 Nf6 7.Re1 e5 8.d4 g6
9.Bg5 Bg7 10.Bxf6 Bxf6 11.dxc5 dxc5 12.Qxd7+ Kxd7 13.Na3 Rhd8 14.Rad1+ Ke6
15.Nc4 Rxd1 16.Rxd1 Rd8 17.Rxd8 Bxd8 18.a4 f5 19.Kf1 a6 20.Ke2 b5 21.axb5 axb5
22.Na3 Na7 23.b3 Be7 24.Nc2 Nc6 25.Kd3 b4 26.cxb4 cxb4 27.Nd2 Na5 28.Ne3 Bc5
29.f3 Bxe3 30.Kxe3 Kd6 31.exf5 gxf5 32.g4 Ke6 33.g5 Kf7 34.h4 Kg6 35.Kf2 h6
36.gxh6 Kxh6 37.Kg3 Kh5  0-1

[Event "6th Open"]
[Site "Saint Chely d'Aubrac FRA"]
[Date "2006.07.16"]
[Round "2"]
[White "Jouet Pastre,A"]
[Black "Riff,JN"]
[Result "0-1"]
[WhiteElo "1972"]
[BlackElo "2444"]

1.e4 c5 2.Nf3 d6 3.Bb5+ Nc6 4.O-O Bd7 5.c4 g6 6.d4 cxd4 7.Nxd4 Bg7 8.Be3 Rc8
9.Nc3 Ne5 10.Bxd7+ Qxd7 11.b3 Nf6 12.f3 O-O 13.Rc1 a6 14.Qd2 Qd8 15.Rfd1 Re8
16.Qf2 Qa5 17.Qd2 Nfd7 18.Nce2 Qc7 19.Nf4 Qb8 20.Qb4 Nc5 21.Qd2 b6 22.Nd5 Qb7
23.Qe2 Ned7 24.Bg5 Nf8 25.Be3 e6 26.Nb4 Nfd7 27.Nd3 d5 28.Nxc5 bxc5 29.Nc2 dxe4
30.fxe4 Ne5 31.Bf4 h6 32.Ne1 Red8 33.Nf3 Nc6 34.Rxd8+ Rxd8 35.Rd1 Nd4 36.Nxd4 Bxd4+
37.Kf1 g5 38.Be3 e5 39.Bd2 Rd6 40.Qg4 Rf6+ 41.Ke1 Rf2 42.Bxg5 f5  0-1

[Event "XI Open"]
[Site "Balaguer ESP"]
[Date "2006.07.18"]
[Round "2"]
[White "Arribas,M"]
[Black "Babaev,Ra"]
[Result "1/2-1/2"]
[WhiteElo "2283"]
[BlackElo "2454"]

1.e4 c5 2.Nf3 d6 3.Bb5+ Nc6 4.O-O Bd7 5.c3 Nf6 6.Re1 a6 7.Bxc6 Bxc6 8.d4 Bxe4
9.Bg5 Bd5 10.Nbd2 e6 11.c4 Bxf3 12.Qxf3 cxd4 13.Qxb7 Qc8 14.Qb6 Qc5 15.Qb7 Qc8
16.Qb6 Qc5 17.Qb7 Qc8  1/2-1/2

[Event "Czech Open A"]
[Site "Pardubice CZE"]
[Date "2006.07.21"]
[Round "1"]
[White "Czarnota,D"]
[Black "Najer,E"]
[Result "0-1"]
[WhiteElo "2237"]
[BlackElo "2677"]

1.e4 c5 2.Nf3 d6 3.Bb5+ Nc6 4.O-O Bd7 5.Re1 Nf6 6.c3 a6 7.Bf1 Bg4 8.h3 Bxf3
9.Qxf3 g6 10.d3 Bg7 11.Bg5 O-O 12.Qe3 Qb6 13.Re2 e6 14.Bh6 d5 15.Bxg7 Kxg7
16.e5 Nd7 17.f4 Rae8 18.Na3 f6 19.exf6+ Nxf6 20.Rae1 Nh5 21.Rf2 d4 22.cxd4 cxd4
23.Qc1 Qc7 24.Re4 Rf7 25.f5 gxf5 26.Qg5+ Kf8 27.Qxh5 fxe4 28.Qxh7 Ne5 29.Qh8+ Ke7
30.Qh4+ Kd7 31.Rc2 Nc6 32.dxe4 Rg8 33.Nc4 Qf4 34.Qe1 Qg3 35.Qd1 Rgf8 36.Nd2 Rf2
37.Qg4 Qxg4 38.hxg4 Nb4 39.Rc4 Rxd2  0-1

[Event "10th Battle of Senta 1697 Open"]
[Site "Senta SCG"]
[Date "2006.07.21"]
[Round "1"]
[White "Kojovic,D"]
[Black "Fridvalszki,R"]
[Result "1-0"]
[WhiteElo "2361"]
[BlackElo "2048"]

1.e4 c5 2.Nf3 d6 3.Bb5+ Nc6 4.O-O a6 5.Bxc6+ bxc6 6.h3 g6 7.d4 d5 8.dxc5 Bg7
9.c3 Nf6 10.exd5 Qxd5 11.Be3 O-O 12.Qxd5 Nxd5 13.Bd4 f6 14.c4 Nb4 15.Na3 e5
16.Bc3 Rb8 17.Rfd1 e4 18.Nd4 f5 19.Bxb4 Rxb4 20.b3 Rb7 21.Rab1 Rc7 22.Nac2 f4
23.Re1 Re8 24.Re2 Bf5 25.Nxf5 gxf5 26.Rd1 Bf8 27.b4 a5 28.a3 axb4 29.axb4 Rg7
30.Kf1 Rxg2 31.Kxg2 f3+ 32.Kf1 fxe2+ 33.Kxe2 f4 34.f3 Kf7 35.Rd4 Kf6 36.Rxe4 Rxe4+
37.fxe4 Ke5 38.Kd3 f3 39.Nd4 Kf4 40.e5 Kg3 41.Nxf3 Kxf3 42.b5 Bxc5 43.bxc6 Bb6
44.e6 Bd8 45.e7 Bxe7 46.c7  1-0

[Event "XLVIII TCh-POR"]
[Site "Evora POR"]
[Date "2006.07.22"]
[Round "1"]
[White "Evangelista,R"]
[Black "Fernando,D"]
[Result "0-1"]
[WhiteElo "2117"]
[BlackElo "2466"]

1.e4 c5 2.Nf3 d6 3.Bb5+ Nd7 4.d4 cxd4 5.Qxd4 a6 6.Bxd7+ Bxd7 7.O-O e5 8.Qd3 h6
9.a4 Nf6 10.c4 b5 11.axb5 axb5 12.Rxa8 Qxa8 13.Nc3 bxc4 14.Qxc4 Be7 15.b4 O-O
16.Be3 Rc8 17.Qd3 Bc6 18.Nd2 d5 19.b5 dxe4 20.Qe2 Bd7 21.Nc4 Qb8 22.Bd2 Bg4
23.f3 Be6 24.Ne3 exf3 25.Qxf3 Rd8 26.Qe2 h5 27.Nf5 Bxf5 28.Rxf5 Qa7+ 29.Kh1 Qd7
30.Rxe5  0-1

[Event "Politiken Cup"]
[Site "Copenhagen DEN"]
[Date "2006.07.23"]
[Round "2"]
[White "Saemundsson,B"]
[Black "Brondum,E"]
[Result "1/2-1/2"]
[WhiteElo "1945"]
[BlackElo "2202"]

1.e4 c5 2.Nf3 d6 3.Bb5+ Bd7 4.Bxd7+ Qxd7 5.O-O Nc6 6.c4 g6 7.d4 cxd4 8.Nxd4 Bg7
9.Be3 Nf6 10.f3 O-O 11.Nc3 Rac8 12.b3 Qd8 13.Rc1 Qa5 14.Qd2 Rfe8 15.Rfd1 a6
16.Nce2 Qxd2  1/2-1/2

[Event "Czech Open A"]
[Site "Pardubice CZE"]
[Date "2006.07.23"]
[Round "3"]
[White "Zeberski,J"]
[Black "Zakhartsov,V"]
[Result "0-1"]
[WhiteElo "2410"]
[BlackElo "2548"]

1.e4 c5 2.Nf3 d6 3.Bb5+ Bd7 4.Bxd7+ Qxd7 5.O-O Nc6 6.c4 g6 7.d4 cxd4 8.Nxd4 Bg7
9.Ne2 Ne5 10.Qb3 Qc6 11.Nd2 Nf6 12.Nd4 Qd7 13.Qe3 O-O 14.b3 Nfg4 15.Qe2 Nc6
16.Nxc6 Bxa1 17.Nxe7+ Qxe7 18.Qxg4 Bg7 19.Rd1 Rfe8 20.Ba3 Qe5 21.Qf3 Qd4
22.Nf1 Qxe4 23.Qxe4 Rxe4 24.Bxd6 Rd8 25.c5 Bf8 26.Ne3 Bxd6 27.Nc4 b5  0-1

[Event "XI Open"]
[Site "Balaguer ESP"]
[Date "2006.07.24"]
[Round "8"]
[White "Martinez Lopez,I"]
[Black "Kohlweyer,B"]
[Result "0-1"]
[WhiteElo "2207"]
[BlackElo "2419"]

1.e4 c5 2.Nf3 d6 3.Bb5+ Nd7 4.d4 Nf6 5.O-O a6 6.Bxd7+ Nxd7 7.Nc3 e6 8.d5 e5
9.Bg5 Be7 10.Bxe7 Qxe7 11.a4 O-O 12.Nd2 f5 13.Nc4 f4 14.f3 Rf6 15.Kf2 Rg6
16.h3 Qh4+ 17.Ke2 Rxg2+ 18.Kd3 Rg6 19.Qe2 Rb8 20.Rg1 b5 21.axb5 axb5 22.Nxb5 Rxb5
23.Rxg6 hxg6 24.Nxd6 Rb8 25.Qg2 Qf6 26.Nxc8 Rxc8 27.Qg4 Rd8 28.Ra7 Qb6 29.Ra2 Nf6
30.Qxg6 c4+  0-1

[Event "Czech Open A"]
[Site "Pardubice CZE"]
[Date "2006.07.24"]
[Round "4"]
[White "Prenzler,D"]
[Black "Isonzo,D"]
[Result "1/2-1/2"]
[WhiteElo "2197"]
[BlackElo "2361"]

1.e4 c5 2.Nf3 d6 3.Bb5+ Nd7 4.O-O a6 5.Bxd7+ Bxd7 6.Re1 e6 7.Nc3 Be7 8.d3 b5
9.a3 Nf6 10.e5 dxe5 11.Nxe5 O-O 12.Bg5 h6 13.Bh4 Be8 14.Qf3 Nd5 15.Nxd5 Bxh4
16.Nc7 Ra7  1/2-1/2

[Event "Czech Open A"]
[Site "Pardubice CZE"]
[Date "2006.07.24"]
[Round "4"]
[White "Meier,Geo"]
[Black "Grachev,B"]
[Result "0-1"]
[WhiteElo "2450"]
[BlackElo "2567"]

1.e4 c5 2.Nf3 d6 3.Bb5+ Bd7 4.Bxd7+ Nxd7 5.O-O Ngf6 6.Qe2 e6 7.d3 h6 8.c3 Be7
9.Nbd2 Qc7 10.Rd1 O-O 11.Nf1 b5 12.Ng3 Rfe8 13.d4 cxd4 14.cxd4 Qc4 15.Qe1 Rac8
16.Be3 Qc6 17.Rac1 Qb7 18.Bf4 Nb6 19.Qe2 a6 20.b3 Rxc1 21.Rxc1 Rc8 22.h3 Rxc1+
23.Bxc1 Qc6 24.Ba3 Bf8 25.Bb2 d5 26.e5 Ne4 27.Nxe4 dxe4 28.Ne1 a5 29.Qc2 Qa8
30.Bc3 a4 31.f3 axb3 32.axb3 e3 33.Kf1 Nd5 34.Ke2 Qa2 35.Bb2 Ba3 36.Nd3 b4
37.h4 h5 38.g3 Bxb2 39.Qxb2 Nc3+ 40.Kf1 e2+ 41.Ke1 Qa8  0-1

[Event "Dutch Open"]
[Site "Dieren NED"]
[Date "2006.07.25"]
[Round "1"]
[White "Punt,R"]
[Black "Van der Poel,H"]
[Result "0-1"]
[WhiteElo "2108"]
[BlackElo "2305"]

1.e4 c5 2.Nf3 d6 3.Bb5+ Nd7 4.d4 Nf6 5.Nc3 a6 6.Bxd7+ Nxd7 7.O-O e6 8.dxc5 Nxc5
9.a4 Be7 10.Qe2 b6 11.Rd1 Qc7 12.Qc4 Qb8 13.e5 dxe5 14.Qg4 g6 15.Bh6 Nd7
16.Ng5 Ra7 17.Qh3 Bxg5 18.Bxg5 f5 19.Qh6 Kf7 20.Rd2 e4 21.Rad1 Qe5 22.Bh4 Nf6
23.Rd8 Ng4 24.Qg5 h6 25.Bg3 hxg5 26.Bxe5 Rxd8 27.Rxd8 Nxe5 28.Rxc8 Rd7 29.Rb8 Rd2
30.Rb7+ Kf6 31.Rxb6 Rxc2 32.h3 Nd3 33.Rxa6 Rxb2 34.a5 Rxf2 35.Rd6 Rc2 36.Nb5 Rc1+
37.Kh2 Ke5 38.a6 Ra1 39.Rc6 e3 40.Nc3 f4 41.Ne2 Nf2 42.g4 Ne4 43.Kg2 Ra2  0-1

[Event "Summer Cup"]
[Site "Litohoro GRE"]
[Date "2006.07.25"]
[Round "4"]
[White "Shavtvaladze,N"]
[Black "Banikas,H"]
[Result "1/2-1/2"]
[WhiteElo "2383"]
[BlackElo "2576"]

1.e4 c5 2.Nf3 d6 3.Bb5+ Nd7 4.O-O Nf6 5.d4 cxd4 6.Qxd4 e5 7.Qd3 h6 8.c4 Be7
9.Nc3 O-O 10.Bxd7 Bxd7 11.h3 Bc6 12.Rd1 a6 13.Qe2 Qb8 14.a4 b5 15.axb5 axb5
16.Rxa8 Qxa8 17.c5 Qb8 18.Nd5 Bxd5 19.exd5 e4 20.Nd4  1/2-1/2

[Event "Politiken Cup"]
[Site "Copenhagen DEN"]
[Date "2006.07.26"]
[Round "5"]
[White "Tocklin,T"]
[Black "Olsen,Aa"]
[Result "1/2-1/2"]
[WhiteElo "1918"]
[BlackElo "2121"]

1.e4 c5 2.Nf3 d6 3.Bb5+ Bd7 4.Bxd7+ Nxd7 5.O-O g6 6.c3 Ngf6 7.Qe2 Bg7 8.d4 cxd4
9.cxd4 O-O 10.e5 dxe5 11.dxe5 Ng4 12.e6 Nde5 13.exf7+  1/2-1/2

[Event "Czech Open A"]
[Site "Pardubice CZE"]
[Date "2006.07.26"]
[Round "6"]
[White "Zilka,S"]
[Black "Bindrich,F"]
[Result "0-1"]
[WhiteElo "2373"]
[BlackElo "2486"]

1.e4 c5 2.Nf3 d6 3.Bb5+ Nd7 4.d4 cxd4 5.Qxd4 Nf6 6.Nc3 a6 7.Bxd7+ Bxd7 8.Bg5 Bc6
9.Qd3 Nd7 10.O-O h6 11.Bh4 g5 12.Bg3 Bg7 13.Nd4 Ne5 14.Qe2 Ng6 15.Rad1 Qb6
16.Nf5 Bxc3 17.bxc3 Qc5 18.Rfe1 Qxc3 19.e5 dxe5 20.h4 Kf8 21.h5 Nf4 22.Bxf4 gxf4
23.Rd3 Qa5 24.Qxe5 Qxe5 25.Rxe5 e6 26.Nd6 Rg8 27.f3 Rg5 28.Rxg5 hxg5 29.c4 Ke7
30.c5 Rh8 31.Rb3 Rxh5 32.Nxb7 g4 33.Rb6 Bd5 34.fxg4 Rg5 35.Rxa6 Rxg4 36.Ra7 Rxg2+
37.Kf1 Rxa2 38.Na5+ Kf6 39.c6 Rc2 40.c7 f3  0-1

[Event "Sunny Pawn Open"]
[Site "Illichevsk UKR"]
[Date "2006.07.27"]
[Round "7"]
[White "Bugaev,V"]
[Black "Yukhno,A"]
[Result "0-1"]
[WhiteElo "1891"]
[BlackElo "2169"]

1.e4 c5 2.Nf3 d6 3.Bb5+ Nc6 4.c3 Bd7 5.O-O Nf6 6.Re1 a6 7.Bf1 Bg4 8.h3 Bxf3
9.Qxf3 g6 10.Na3 Bg7 11.Nc2 Nd7 12.d3 O-O 13.Be3 b5 14.d4 Qc7 15.Rac1 Rab8
16.Qd1 Rfd8 17.f4 Nb6 18.b3 e6 19.Qf3 Ne7 20.g4 f5 21.e5 dxe5 22.dxe5 Nbd5
23.c4 Nxe3 24.Qxe3 b4 25.Red1 g5 26.fxg5 fxg4 27.Bd3 Qxe5 28.Qxe5 Bxe5 29.hxg4 Bf4
30.Rb1 Bxg5 31.Be4 Ng6 32.Ne1 Be3+ 33.Kg2 Ne5 34.Kh3 Rf8 35.Nd3 Nf7 36.Bg2 Ng5+
37.Kg3 Rbd8 38.Ne5 Bf4+ 39.Kh4 Bxe5 40.Kxg5 Rxd1 41.Rxd1 Rf2 42.Bh3 Bd4 43.Rf1 Rxa2
44.Kf4 Rb2 45.Rf3 Bc3 46.Ke4 Rxb3 47.g5 Rb2 48.Bxe6+ Kg7 49.Rf7+ Kg6 50.Rc7 Re2+
51.Kd5 Re5+ 52.Kd6 Rxe6+ 53.Kxe6 b3 54.Rd7 b2 55.Rd1 a5 56.Kd5 a4  0-1

[Event "Czech Open A"]
[Site "Pardubice CZE"]
[Date "2006.07.27"]
[Round "7"]
[White "Yaksin,O"]
[Black "Lahner,J"]
[Result "1/2-1/2"]
[WhiteElo "2232"]
[BlackElo "2321"]

1.e4 c5 2.Nf3 d6 3.Bb5+ Bd7 4.Bxd7+ Qxd7 5.O-O Nc6 6.c3 Nf6 7.Re1 e6 8.d4 cxd4
9.cxd4 d5 10.e5 Ne4 11.Nbd2 Nxd2 12.Bxd2 Be7 13.Rc1 O-O 14.Rc3 Rfc8 15.a3 b5
16.Rd3 b4 17.a4 Na5 18.b3 Qc7 19.Bg5 Bf8 20.Re2 a6 21.Bf4 Qb7 22.Ne1 Rc3
23.Bd2 Rxd3 24.Nxd3 Rc8 25.Qb1 Qb6 26.Qb2 Qa7 27.Re3 Qb6 28.Re1 Qa7  1/2-1/2

[Event "1st It"]
[Site "Almeria ESP"]
[Date "2006.07.28"]
[Round "7"]
[White "Rivas Pastor,M"]
[Black "Asturiano Molino,J"]
[Result "1/2-1/2"]
[WhiteElo "2500"]
[BlackElo "2103"]

1.e4 c5 2.Nf3 d6 3.Bb5+ Bd7 4.c4 Nf6 5.Nc3 Nc6 6.d4 cxd4 7.Nxd4 g6 8.f3 Bg7
9.Be3 O-O 10.O-O Rc8 11.Rc1 a6 12.Bxc6 Bxc6 13.Qd2 Re8 14.Rfd1 Bd7 15.b3  1/2-1/2

[Event "Czech Open B1"]
[Site "Pardubice CZE"]
[Date "2006.07.28"]
[Round "8"]
[White "Jaros,Ma"]
[Black "Formanek,M"]
[Result "0-1"]
[WhiteElo "2204"]
[BlackElo "2135"]

1.e4 c5 2.Nf3 d6 3.Bb5+ Bd7 4.Bxd7+ Nxd7 5.O-O g6 6.c3 Ngf6 7.Qe2 Bg7 8.d4 e6
9.Bf4 Qc7 10.Na3 a6 11.Nc4 Bf8 12.a4 Rc8 13.Rac1 Nh5 14.Bg5 h6 15.Be3 Bg7
16.dxc5 Nxc5 17.Rfd1 Nxe4 18.b3 d5 19.Nb6 Nxc3 20.Qd2 Rd8 21.g4 Nf4 22.Bxf4 Qxf4
23.Qxf4 Ne2+ 24.Kf1 Nxf4 25.Rc7 O-O 26.Rdc1 e5 27.Rxb7 e4 28.Nd2 f5 29.Ra7 Bd4
30.g5 hxg5 31.a5 Be5 32.Re7 Rfe8 33.Ra7 d4 34.b4 e3 35.Nf3 e2+ 36.Ke1 d3
37.Na4 Bc3+  0-1